000 00945nam a2200265Ia 4500
003 OSt
005 20221005113242.0
006 a|||||r|||| 00| 0
007 ta
008 221004b |||||||| |||| 00| 0 pan d
020 _a9789387276208 (hbk)
_cINR 300.00
024 _a44767
037 _b1061, 12/02/2019, H.K. Prakashan
_cTextual
040 _aCRL
_cCRL
_bpan
041 _2pan
_apan
082 _aO153,3NKA:g, Q8
100 _aਸਿੰਘ, ਹਰਜੋਧ, ਥਦ.
245 0 _aਮੋਹਨ ਕਾਹਲੋ੍ਵ ਦਾ ਨਾਵਲੀ ਜਗਤ
260 _aਪਟਿਆਲਾ
_bਗ੍ਰੈFਿਅਸ ਭਾਰਤ
_c2018
300 _a222ਪ੍ਰ0
_ccm.
650 _a ਪੰਜਾਬੀ ਕਹਾਣੀ
650 _aਪੰਜਾਬੀ ਸਾਹਿਤ
942 _hO153,3NKA:g, Q8
_cTEXL
_2cc
999 _c1027560
_d1027560